[Event "DVM U20 2020"]
[Site "Willingen GER"]
[Date "2021.06.24"]
[Round "1"]
[White "Struck, Lasse"]
[Black "Wu, Luka"]
[Result "0-1"]
[Termination "normal"]
[Board "3.3"]
[WhiteElo "1751"]
[BlackElo "2065"]
[WhiteTeam "Schachfreunde Essen-Katernberg"]
[BlackTeam "OSG Baden-Baden"]
[WhiteFideId "16255623"]
[BlackFideId "12977420"]
[EventCountry "GER"]
[EventRounds "7"]
[EventType "team-swiss"]
[EventDate "2021.06.23"]

1. e4 c5 2. Nf3 d6 3. d4 cxd4 4. Nxd4 Nf6 5. Nc3 g6 6. Be3 Bg7 7. f3 O-O 8. Qd2
Nc6 9. g4 Be6 10. Nxe6 fxe6 11. h4 d5 12. O-O-O d4 13. Bxd4 Qxd4 14. Qxd4 Nxd4
15. Rxd4 Nxg4 16. Rd7 Rxf3 17. Rxe7 Nf2 18. Rg1 Bd4 19. Be2 Rf7 20. Rxf7 Kxf7
21. Rf1 Ke7 22. Bf3 Rf8 23. Bg2 Bxc3 24. bxc3 e5 25. Kd2 Rf6 26. Ke2 Ng4 27.
Rxf6 Nxf6 28. Kd3 h6 29. Bh3 Kd6 30. Bc8 Kc6 31. Be6 Kd6 32. Bf7 g5 33. hxg5
hxg5 34. Ke3 Kc5 35. Be6 g4 36. Bf7 g3 37. Kf3 g2 38. Kxg2 Nxe4 39. Kf1 Nxc3
40. Ke1 Kd4 41. Be6 Ne4 42. Kd1 Kc3 43. Bd5 Nd6 44. Kc1 b6 45. Bc6 e4 46. Kd1
Kb2 47. Bd5 Nb5 48. c4 Nc3+ 49. Kd2 a5 50. a4 Nxa4 51. Bxe4 Nc5 52. Bc2 Nb3+
0-1

[Event "DVM U20 2020"]
[Site "Willingen GER"]
[Date "2021.06.24"]
[Round "1"]
[White "Wu, Leon"]
[Black "Gallas, Noel"]
[Result "1/2-1/2"]
[Termination "normal"]
[Board "3.4"]
[WhiteElo "1981"]
[BlackElo "1886"]
[WhiteTeam "OSG Baden-Baden"]
[BlackTeam "Schachfreunde Essen-Katernberg"]
[WhiteFideId "12977438"]
[BlackFideId "16216059"]
[EventCountry "GER"]
[EventRounds "7"]
[EventType "team-swiss"]
[EventDate "2021.06.23"]

1. e4 e6 2. d4 d5 3. Nc3 Nf6 4. e5 Nfd7 5. f4 c5 6. Nf3 Nc6 7. Be3 Be7 8. Qd2
O-O 9. O-O-O c4 10. f5 b5 11. f6 gxf6 12. Bh6 fxe5 13. dxe5 Ndxe5 14. Bxf8 Bxf8
15. h4 Qf6 16. Qg5+ Qxg5+ 17. hxg5 b4 18. Ne2 Be7 19. Rh5 Bb7 20. Nfd4 Kg7 21.
Ng3 Bc5 22. Nxc6 Bxc6 23. Be2 Be3+ 24. Kb1 d4 25. Rdh1 Rh8 26. g6 Nxg6 27. Rc5
Bxg2 28. Nh5+ Kf8 29. Rd1 Bd5 30. Bxc4 Bf3 31. Rf1 Bxh5 32. Rxh5 Kg7 33. Ra5
Rc8 34. Bb3 Rc7 35. Rb5 Nf4 36. Rxb4 h5 37. c3 e5 38. Rc4 Rxc4 39. Bxc4 h4 40.
cxd4 exd4 41. Rh1 Bf2 42. b4 f5 43. Kc2 Kf6 44. Kd2 Be3+ 45. Kc2 Kg5 46. a4 Kg4
47. b5 Kg3 48. Bd3 h3 49. Bxf5 d3+ 1/2-1/2

[Event "DVM U20 2020"]
[Site "Willingen GER"]
[Date "2021.06.24"]
[Round "1"]
[White "Jahrke, Jonas"]
[Black "Martin, Richard"]
[Result "0-1"]
[Termination "normal"]
[Board "3.5"]
[WhiteElo "1837"]
[BlackElo "1923"]
[WhiteClock "01:30:56"]
[BlackClock "01:30:50"]
[WhiteTeam "Schachfreunde Essen-Katernberg"]
[BlackTeam "OSG Baden-Baden"]
[PlyCount "40"]
[WhiteFideId "12984353"]
[BlackFideId "12925691"]
[EventCountry "GER"]
[EventRounds "7"]
[EventType "team-swiss"]
[EventDate "2021.06.23"]

1. Nf3 {[%clk 01:30:56]} d5 2. g3 {[%clk 01:30:56]} Nf6 {[%clk 01:30:50]} 3.
Bg2 {[%clk 01:30:56]} e6 {[%clk 01:30:50]} 4. O-O {[%clk 01:30:56]} Bd6 {[%clk
01:30:50]} 5. b3 {[%clk 01:30:56]} O-O {[%clk 01:30:50]} 6. Bb2 {[%clk
01:30:56]} Qe7 {[%clk 01:30:50]} 7. c4 {[%clk 01:30:56]} c6 {[%clk 01:30:50]}
8. Nc3 {[%clk 01:30:56]} Nbd7 {[%clk 01:30:50]} 9. e3 {[%clk 01:30:56]} e5
{[%clk 01:30:50]} 10. Nh4 {[%clk 01:30:56]} Nb6 {[%clk 01:30:50]} 11. cxd5
{[%clk 01:30:56]} Nfxd5 {[%clk 01:30:50]} 12. d4 {[%clk 01:30:56]} Nxc3 {[%clk
01:30:50]} 13. Bxc3 {[%clk 01:30:56]} e4 {[%clk 01:30:50]} 14. Bh1 {[%clk
01:30:56]} Nd5 {[%clk 01:30:50]} 15. Bb2 {[%clk 01:30:56]} f5 {[%clk 01:30:50]}
16. Ng2 {[%clk 01:30:56]} g5 {[%clk 01:30:50]} 17. Bc1 {[%clk 01:30:56]} f4
{[%clk 01:30:50]} 18. Bd2 {[%clk 01:30:56]} Bh3 {[%clk 01:30:50]} 19. Re1
{[%clk 01:30:56]} Qf6 {[%clk 01:30:50]} 20. Qc1 {[%clk 01:30:56]} fxg3 {[%clk
01:30:50]} 0-1

[Event "DVM U20 2020"]
[Site "Willingen GER"]
[Date "2021.06.24"]
[Round "1"]
[White "Woelk, Tom-Frederic"]
[Black "Mätzkow, Maximilian Paul"]
[Result "1/2-1/2"]
[Termination "normal"]
[Board "4.1"]
[BlackTitle "FM"]
[WhiteElo "2245"]
[BlackElo "2231"]
[WhiteClock "00:04:17"]
[BlackClock "00:08:03"]
[WhiteTeam "Hamburger SK von 1830"]
[BlackTeam "SC Kreuzberg e.V."]
[PlyCount "95"]
[WhiteFideId "12993077"]
[BlackFideId "24679933"]
[EventCountry "GER"]
[EventRounds "7"]
[EventType "team-swiss"]
[EventDate "2021.06.23"]

1. d4 Nf6 2. c4 e6 3.Nc3 Bb4 4. f3 d5 5. a3 Bxc3+ 6. bxc3 c5 7. cxd5 Nxd5 8.
Qd2 cxd4 9. cxd4 f5 10.Nh3 O-O 11. e4 fxe4 12. fxe4 Nb6 13. Ng5 Nc6 14. Nf3
Rxf3 15. gxf3 Nxd4 16. Qf2 Qf6 17. Bg2 Nc2+ 18. Qxc2 Qxa1 19. O-O Qf6 20. Bb2
Qf7 21. f4 Bd7 22. f5 exf5 23. exf5 Rc8 24. Qe2 Rc5 25. Rf3 Rxf5 26. Rg3 g6 27.
Re3 Nd5 28. Re4 Bc6 29.Rd4 Nf6 30. Rd8+ Kg7 31. Qd2 Bxg2 32. Kxg2 Qe6 33. Qd7+
Qxd7 34. Rxd7+ Kg8 35.Rxb7 Ng4 36. Kg3 Ne3 37. Rxa7 Nf1+ 38. Kg2 Ne3+ 39. Kg3
Nf1+ 40. Kg2 Ne3+ 1/2-1/2

[Event "DVM U20 2020"]
[Site "Willingen GER"]
[Date "2021.06.24"]
[Round "1"]
[White "Dathe, Frederick"]
[Black "Holinka, Henning"]
[Result "1/2-1/2"]
[Termination "normal"]
[Board "4.2"]
[WhiteElo "1992"]
[BlackElo "2256"]
[WhiteClock "00:12:21"]
[BlackClock "00:00:50"]
[WhiteTeam "SC Kreuzberg e.V."]
[BlackTeam "Hamburger SK von 1830"]
[PlyCount "106"]
[WhiteFideId "12963070"]
[BlackFideId "12967084"]
[EventCountry "GER"]
[EventRounds "7"]
[EventType "team-swiss"]
[EventDate "2021.06.23"]

1. c4 g6 2. g3 Bg7 3. Bg2 d6 4. Nc3 Nc6 5. e3 e5 6. Nge2 Nf6 7.O-O O-O 8. d3
Nh5 9. Rb1 f5 10. Nd5 Ne7 11. f4 c6 12. Nxe7+ Qxe7 13. b3 Bd7 14.Bd2 Rae8 15.
Qc2 exf4 16. Nxf4 Nf6 17. Rbe1 g5 18. Ne2 Ng4 19. e4 d5 20. cxd5 cxd5 21. h3
Rc8 22. Qb1 Qc5+ 23. Kh1 Nf2+ 24. Kh2 fxe4 25. dxe4 dxe4 26. Rc1 Qd5 27. Rxc8
Bxc8 28. Be3 Nd3 29. Rxf8+ Kxf8 30. Qc2 Bf5 31. Bxa7 Ne1 32. Qc5+ Qxc5 33.
Bxc5+ Kf7 34. a4 Ke6 35. Bf2 Nc2 36. Bb6 Kd6 37. Kg1 Kc6 38. a5 Kb5 39. Kf2 Be5
40. g4 Bg6 41. Be3 h6 42. Bd2 Kc5 43. Bh1 Bd4+ 44. Nxd4 Kxd4 45.Ke2 Bf7 46. b4
Bc4+ 47. Kd1 Bd3 48. h4 e3 49. Be1 e2+ 50. Kd2 Nxb4 51. hxg5 hxg5 52. Bxb7 Be4
53. a6 Nxa6 54. Bxa6 Bf3 55. Bxe2 Ke4 56. Bg3 Bg2 57. Bc7 Bh3 58. Bd1 Bg2 59.
Ke1 Bf3 60. Bc2+ Ke3 61. Bf5 Bg2 62. Bd8 Kf3 63. Bxg5 Bh3 64.Bd8 Bxg4 65. Bxg4+
Kxg4 1/2-1/2

[Event "DVM U20 2020"]
[Site "Willingen GER"]
[Date "2021.06.24"]
[Round "1"]
[White "Meyling, Lennart"]
[Black "Hommel, Niclas"]
[Result "1-0"]
[Termination "normal"]
[Board "4.3"]
[WhiteElo "2044"]
[BlackElo "2062"]
[WhiteClock "00:08:26"]
[BlackClock "00:03:36"]
[WhiteTeam "Hamburger SK von 1830"]
[BlackTeam "SC Kreuzberg e.V."]
[PlyCount "67"]
[WhiteFideId "12947130"]
[BlackFideId "12974927"]
[EventCountry "GER"]
[EventRounds "7"]
[EventType "team-swiss"]
[EventDate "2021.06.23"]

1. d4 {[%clk 01:30:57]} {[%emt 00:00:03]} Nf6 {[%clk 01:30:54]} {[%emt
00:00:06]} 2. c4 {[%clk 01:30:59]} {[%emt 00:00:27]} g6 {[%clk 01:31:20]}
{[%emt 00:00:05]} 3. h4 {[%clk 01:24:44]} {[%emt 00:06:45]} h5 {[%clk
01:09:36]} {[%emt 00:22:14]} 4. Nc3 {[%clk 01:19:55]} {[%emt 00:05:19]} d5
{[%clk 01:10:03]} {[%emt 00:00:03]} 5. Bg5 {[%clk 01:17:54]} {[%emt 00:02:31]}
Bg7 {[%clk 01:10:18]} {[%emt 00:00:15]} 6. Bxf6 {[%clk 01:16:33]} {[%emt
00:01:51]} Bxf6 {[%clk 01:07:35]} {[%emt 00:03:14]} 7. cxd5 {[%clk 01:09:43]}
{[%emt 00:07:22]} c6 {[%clk 00:56:40]} {[%emt 00:11:23]} 8. dxc6 {[%clk
01:06:20]} {[%emt 00:03:53]} Qb6 {[%clk 00:51:01]} {[%emt 00:06:09]} 9. cxb7
{[%clk 00:57:31]} {[%emt 00:09:19]} Bxb7 {[%clk 00:51:24]} {[%emt 00:00:07]}
10. e3 {[%clk 00:53:46]} {[%emt 00:04:13]} Qxb2 {[%clk 00:49:29]} {[%emt
00:02:26]} 11. Nge2 {[%clk 00:52:25]} {[%emt 00:01:51]} Qa3 {[%clk 00:44:04]}
{[%emt 00:05:56]} 12. Rb1 {[%clk 00:47:48]} {[%emt 00:05:06]} Bc6 {[%clk
00:40:42]} {[%emt 00:03:52]} 13. Qd2 {[%clk 00:42:05]} {[%emt 00:06:12]} O-O
{[%clk 00:34:51]} {[%emt 00:06:23]} 14. Nf4 {[%clk 00:41:34]} {[%emt 00:01:01]}
Rd8 {[%clk 00:32:16]} {[%emt 00:03:05]} 15. Bc4 {[%clk 00:38:40]} {[%emt
00:03:22]} Nd7 {[%clk 00:18:43]} {[%emt 00:14:05]} 16. Qc2 {[%clk 00:37:17]}
{[%emt 00:01:52]} Nf8 {[%clk 00:11:37]} {[%emt 00:07:36]} 17. Nxg6 {[%clk
00:35:31]} {[%emt 00:02:17]} Rac8 {[%clk 00:12:02]} {[%emt 00:00:04]} 18. Nxf8
{[%clk 00:34:31]} {[%emt 00:01:30]} Kxf8 {[%clk 00:12:23]} {[%emt 00:00:09]}
19. Rb3 {[%clk 00:32:45]} {[%emt 00:02:15]} Qa5 {[%clk 00:10:40]} {[%emt
00:02:14]} 20. O-O {[%clk 00:26:34]} {[%emt 00:06:42]} Bxg2 {[%clk 00:05:31]}
{[%emt 00:05:38]} 21. Rb5 {[%clk 00:24:25]} {[%emt 00:02:39]} Qc7 {[%clk
00:05:45]} {[%emt 00:00:16]} 22. Rc5 {[%clk 00:24:18]} {[%emt 00:00:37]} Qb7
{[%clk 00:06:10]} {[%emt 00:00:05]} 23. Qh7 {[%clk 00:21:04]} {[%emt 00:03:44]}
e6 {[%clk 00:05:55]} {[%emt 00:00:46]} 24. Rb1 {[%clk 00:18:59]} {[%emt
00:03:48]} Qf3 {[%clk 00:04:47]} {[%emt 00:10:52]} 25. Qh6+ {[%clk 00:11:15]}
Bg7 {[%clk 00:02:29]} {[%emt 00:00:37]} 26. Qg5 {[%clk 00:11:38]} {[%emt
00:00:06]} Bh3 {[%clk 00:02:54]} {[%emt 00:00:04]} 27. Be2 {[%clk 00:08:15]}
{[%emt 00:06:14]} Qa8 {[%clk 00:03:20]} {[%emt 00:00:02]} 28. Bxh5 {[%clk
00:07:45]} Rxc5 {[%clk 00:03:36]} {[%emt 00:00:02]} 29. Qxc5+ {[%clk 00:07:49]}
{[%emt 00:00:13]} Kg8 {[%clk 00:04:01]} {[%emt 00:00:01]} 30. Qg5 {[%clk
00:07:24]} {[%emt 00:00:14]} Rc8 {[%clk 00:03:19]} {[%emt 00:01:03]} 31. Qg3
{[%clk 00:07:44]} {[%emt 00:00:09]} Bf5 {[%clk 00:03:23]} {[%emt 00:00:26]} 32.
Bf3 {[%clk 00:07:48]} {[%emt 00:00:26]} Bxb1 {[%clk 00:03:08]} {[%emt
00:00:45]} 33. Bxa8 {[%clk 00:08:03]} {[%emt 00:00:14]} Rxc3 {[%clk 00:03:36]}
{[%emt 00:00:03]} 34. Qb8+ {[%clk 00:08:26]} {[%emt 00:00:07]} 1-0

[Event "DVM U20 2020"]
[Site "Willingen GER"]
[Date "2021.06.24"]
[Round "1"]
[White "Flood, Yosime"]
[Black "Foo, Tzun Hong"]
[Result "1-0"]
[Termination "normal"]
[Board "4.4"]
[WhiteElo "1697"]
[BlackElo "1909"]
[WhiteClock "00:09:16"]
[BlackClock "00:00:36"]
[WhiteTeam "SC Kreuzberg e.V."]
[BlackTeam "Hamburger SK von 1830"]
[PlyCount "73"]
[WhiteFideId "16269535"]
[BlackFideId "12974200"]
[EventCountry "GER"]
[EventRounds "7"]
[EventType "team-swiss"]
[EventDate "2021.06.23"]

1. d4 Nf6 2. Bf4 d5 3. Nf3 e6 4. e3 Be7 5. h3 O-O 6. Nbd2 Nbd7 7. Bd3 c5 8. c3
c4 9. Bc2 b5 10. e4 dxe4 11. Nxe4 Bb7 12. Nfd2 Nxe4 13. Bxe4 Bxe4 14. Nxe4 Nb6
15. Qe2 Nd5 16. Bg3 Rc8 17. a3 Qd7 18. O-O f5 19. Nd2 f4 20. Bh2 Bd6 21. Rfe1
Rce8 22. Qf3 a5 23. a4 Rf5 24. Qe2 f3 25. Nxf3 Bxh2+ 26. Kxh2 Nf4 27. Qe3 Nd3
28. Re2 b4 29. Kg1 Nf4 30. Rc2 Nd5 31. Qe2 b3 32. Rd2 Nf4 33. Qe3 Ng6 34. Ne5
Qd5 35. Nxg6 hxg6 36. Re1 Qc6 37. Qg3 Kf7 38. Ra1 Qd5 39. Qc7+ Re7 40. Qb8 e5
41. Re1 e4 42. Rde2 Qc6 43. Re3 Re8 44. Qg3 Re6 45. Qg4 Ref6 46. Qxe4 Qxe4 47.
Rxe4 Rxf2 48. R4e2 R2f5 49. Re7+ Kg8 50. Re8+ Kh7 51. R8e5 Rf2 52. R1e2 Rf1+
53. Kh2 R6f2 54. Kg3 Rxe2 55. Rxe2 Rd1 56. Kf4 Kg8 57. Ke4 Rc1 58. d5 Kf7 59.
Kd4 Rc2 60. Ke3 Rc1 61. d6 Rf1 62. Rf2+ Rxf2 63. Kxf2 Ke6 64. Ke3 1-0

[Event "DVM U20 2020"]
[Site "Willingen GER"]
[Date "2021.06.24"]
[Round "1"]
[White "Fuhrmann, Åke"]
[Black "Rose, Luis Stratos"]
[Result "1-0"]
[Termination "normal"]
[Board "4.5"]
[WhiteElo "1912"]
[BlackElo "1608"]
[WhiteClock "01:30:54"]
[BlackClock "01:30:24"]
[WhiteTeam "Hamburger SK von 1830"]
[BlackTeam "SC Kreuzberg e.V."]
[PlyCount "73"]
[WhiteFideId "12983853"]
[BlackFideId "12976008"]
[EventCountry "GER"]
[EventRounds "7"]
[EventType "team-swiss"]
[EventDate "2021.06.23"]

1. c4 {[%clk 01:30:54]} {[%emt 00:00:05]} Nf6 {[%clk 01:30:24]} 2. g3 {[%clk
01:30:54]} g6 {[%clk 01:30:24]} 3. Bg2 {[%clk 01:30:54]} Bg7 {[%clk 01:30:24]}
4. Nc3 {[%clk 01:30:54]} d6 {[%clk 01:30:24]} 5. e4 {[%clk 01:30:54]} O-O
{[%clk 01:30:24]} 6. Nge2 {[%clk 01:30:54]} c5 {[%clk 01:30:24]} 7. O-O {[%clk
01:30:54]} Nc6 {[%clk 01:30:24]} 8. a3 {[%clk 01:30:54]} Bd7 {[%clk 01:30:24]}
9. Rb1 {[%clk 01:30:54]} e5 {[%clk 01:30:24]} 10. d3 {[%clk 01:30:54]} Ne8
{[%clk 01:30:24]} 11. Be3 {[%clk 01:30:54]} Nd4 {[%clk 01:30:24]} 12. b4 {[%clk
01:30:54]} b6 {[%clk 01:30:24]} 13. b5 {[%clk 01:30:54]} Rb8 {[%clk 01:30:24]}
14. h3 {[%clk 01:30:54]} h6 {[%clk 01:30:24]} 15. f4 {[%clk 01:30:54]} f5
{[%clk 01:30:24]} 16. Qd2 {[%clk 01:30:54]} Kh7 {[%clk 01:30:24]} 17. Nd5
{[%clk 01:30:54]} Nf6 {[%clk 01:30:24]} 18. Nxf6+ {[%clk 01:30:54]} Rxf6 {[%clk
01:30:24]} 19. fxe5 {[%clk 01:30:54]} dxe5 {[%clk 01:30:24]} 20. Nc3 {[%clk
01:30:54]} g5 {[%clk 01:30:24]} 21. Nd5 {[%clk 01:30:54]} f4 {[%clk 01:30:24]}
22. Nxf6+ {[%clk 01:30:54]} Qxf6 {[%clk 01:30:24]} 23. Bxd4 {[%clk 01:30:54]}
cxd4 {[%clk 01:30:24]} 24. g4 {[%clk 01:30:54]} h5 {[%clk 01:30:24]} 25. Bf3
{[%clk 01:30:54]} Rh8 {[%clk 01:30:24]} 26. a4 {[%clk 01:30:54]} Qh6 {[%clk
01:30:24]} 27. Rf2 {[%clk 01:30:54]} Kg8 {[%clk 01:30:24]} 28. Rh2 {[%clk
01:30:54]} Bf8 {[%clk 01:30:24]} 29. gxh5 {[%clk 01:30:54]} Be8 {[%clk
01:30:24]} 30. a5 {[%clk 01:30:54]} Bxh5 {[%clk 01:30:24]} 31. axb6 {[%clk
01:30:54]} axb6 {[%clk 01:30:24]} 32. Bxh5 {[%clk 01:30:54]} Qxh5 {[%clk
01:30:24]} 33. Qg2 {[%clk 01:30:54]} Be7 {[%clk 01:30:24]} 34. Qg4 {[%clk
01:30:54]} Qg6 {[%clk 01:30:24]} 35. h4 {[%clk 01:30:54]} Rh5 {[%clk 01:30:24]}
36. Ra1 {[%clk 01:30:54]} Kg7 {[%clk 01:30:24]} 37. Ra7 {[%clk 01:30:54]} 1-0

[Event "DVM U20 2020"]
[Site "Willingen GER"]
[Date "2021.06.24"]
[Round "1"]
[White "Boldt, Timo"]
[Black "Wolfram, Tom"]
[Result "0-1"]
[Termination "normal"]
[Board "4.6"]
[WhiteElo "1648"]
[BlackElo "1748"]
[WhiteClock "00:32:44"]
[BlackClock "00:59:41"]
[WhiteTeam "SC Kreuzberg e.V."]
[BlackTeam "Hamburger SK von 1830"]
[PlyCount "114"]
[WhiteFideId "12974854"]
[BlackFideId "16214510"]
[EventCountry "GER"]
[EventRounds "7"]
[EventType "team-swiss"]
[EventDate "2021.06.23"]

1. c4 e5 2. Nc3 Nc6 3. e4 Nf6 4. g3 Bc5 5. Bg2 d6 6. h3 Be6 7. d3 h6 8. Nge2
Qd7 9. Nd5 Nd4 10. Be3 Nxe2 11. Qxe2 c6 12. Nc3 O-O 13. a3 Bd4 14. Qd2 d5 15.
cxd5 Bxc3 16. Qxc3 cxd5 17. Qxe5 Rfe8 18. Bxh6 Bf5 19. Qf4 dxe4 20. O-O Bg6 21.
Bg5 Nd5 22. Qd2 exd3 23. Rfe1 Nb6 24. b3 Qb5 25. Qb4 Qxg5 26. Bxb7 Rad8 27.
Rxe8+ Rxe8 28. Rd1 Re2 29. Qd4 Qe5 30. Qd8+ Qe8 31. Qd4 Nd7 32. Kh2 Qe5 33.
Qxd7 Rxf2+ 34. Bg2 Rxg2+ 35. Kxg2 Qe2+ 36. Kg1 Qxd1+ 37. Kf2 Qe2+ 38. Kg1 0-1

[Event "DVM U20 2020"]
[Site "Willingen GER"]
[Date "2021.06.24"]
[Round "1"]
[White "Ortmeier, Leonhard"]
[Black "Wübker, Paul-Luca"]
[Result "0-1"]
[Termination "normal"]
[Board "5.1"]
[WhiteTitle "FM"]
[WhiteElo "2290"]
[BlackElo "2134"]
[WhiteClock "01:30:57"]
[BlackClock "01:30:40"]
[WhiteTeam "Schachklub Münster 32 e. V."]
[BlackTeam "Schachgesellschaft Bochum 1931"]
[PlyCount "114"]
[WhiteFideId "12993662"]
[BlackFideId "12939528"]
[EventCountry "GER"]
[EventRounds "7"]
[EventType "team-swiss"]
[EventDate "2021.06.23"]

1. Nf3 {[%clk 01:30:57]} c5 2. g3 {[%clk 01:30:57]} g6 {[%clk 01:30:40]} 3. Bg2
{[%clk 01:30:57]} Bg7 {[%clk 01:30:40]} 4. O-O {[%clk 01:30:57]} Nc6 {[%clk
01:30:40]} 5. c4 {[%clk 01:30:57]} e5 {[%clk 01:30:40]} 6. Nc3 {[%clk
01:30:57]} Nge7 {[%clk 01:30:40]} 7. a3 {[%clk 01:30:57]} O-O {[%clk 01:30:40]}
8. Rb1 {[%clk 01:30:57]} f5 {[%clk 01:30:40]} 9. d3 {[%clk 01:30:57]} h6 {[%clk
01:30:40]} 10. Bd2 {[%clk 01:30:57]} g5 {[%clk 01:30:40]} 11. b4 {[%clk
01:30:57]} d6 {[%clk 01:30:40]} 12. Ne1 {[%clk 01:30:57]} Kh8 {[%clk 01:30:40]}
13. Nc2 {[%clk 01:30:57]} f4 {[%clk 01:30:40]} 14. Ne4 {[%clk 01:30:57]} cxb4
{[%clk 01:30:40]} 15. axb4 {[%clk 01:30:57]} d5 {[%clk 01:30:40]} 16. cxd5
{[%clk 01:30:57]} Nxd5 {[%clk 01:30:40]} 17. b5 {[%clk 01:30:57]} Nd4 {[%clk
01:30:40]} 18. Nxd4 {[%clk 01:30:57]} exd4 {[%clk 01:30:40]} 19. Qb3 {[%clk
01:30:57]} Bg4 {[%clk 01:30:40]} 20. Nc5 {[%clk 01:30:57]} Nc3 {[%clk
01:30:40]} 21. Bxc3 {[%clk 01:30:57]} dxc3 {[%clk 01:30:40]} 22. Qa2 {[%clk
01:30:57]} Qb6 {[%clk 01:30:40]} 23. Ne4 {[%clk 01:30:57]} Rac8 {[%clk
01:30:40]} 24. Qc2 {[%clk 01:30:57]} Bd4 {[%clk 01:30:40]} 25. Kh1 {[%clk
01:30:57]} fxg3 {[%clk 01:30:40]} 26. fxg3 {[%clk 01:30:57]} Rxf1+ {[%clk
01:30:40]} 27. Bxf1 {[%clk 01:30:57]} Be5 {[%clk 01:30:40]} 28. Bg2 {[%clk
01:30:57]} Qe3 {[%clk 01:30:40]} 29. Re1 {[%clk 01:30:57]} a5 {[%clk 01:30:40]}
30. bxa6 {[%clk 01:30:57]} bxa6 {[%clk 01:30:40]} 31. Bf1 {[%clk 01:30:57]}
Bf3+ {[%clk 01:30:40]} 32. Bg2 {[%clk 01:30:57]} Bxe4 {[%clk 01:30:40]} 33.
Bxe4 {[%clk 01:30:57]} Qd2 {[%clk 01:30:40]} 34. Rc1 {[%clk 01:30:57]} Bd4
{[%clk 01:30:40]} 35. Kg2 {[%clk 01:30:57]} Be3 {[%clk 01:30:40]} 36. Qxd2
{[%clk 01:30:57]} cxd2 {[%clk 01:30:40]} 37. Rxc8+ {[%clk 01:30:57]} Kg7 {[%clk
01:30:40]} 38. Rg8+ {[%clk 01:30:57]} Kxg8 {[%clk 01:30:40]} 39. Bd5+ {[%clk
01:30:57]} Kf8 {[%clk 01:30:40]} 40. Bb3 {[%clk 01:30:57]} g4 {[%clk 01:30:40]}
41. h3 {[%clk 01:30:57]} h5 {[%clk 01:30:40]} 42. hxg4 {[%clk 01:30:57]} hxg4
{[%clk 01:30:40]} 43. d4 {[%clk 01:30:57]} Ke7 {[%clk 01:30:40]} 44. d5 {[%clk
01:30:57]} Kd6 {[%clk 01:30:40]} 45. Kf1 {[%clk 01:30:57]} a5 {[%clk 01:30:40]}
46. Kg2 {[%clk 01:30:57]} a4 {[%clk 01:30:40]} 47. Bxa4 {[%clk 01:30:57]} Kxd5
{[%clk 01:30:40]} 48. Bb3+ {[%clk 01:30:57]} Kd4 {[%clk 01:30:40]} 49. Ba4
{[%clk 01:30:57]} Kc3 {[%clk 01:30:40]} 50. Bd1 {[%clk 01:30:57]} Kb2 {[%clk
01:30:40]} 51. Ba4 {[%clk 01:30:57]} Kc1 {[%clk 01:30:40]} 52. Bb3 {[%clk
01:30:57]} d1=Q {[%clk 01:30:40]} 53. Bxd1 {[%clk 01:30:57]} Kxd1 {[%clk
01:30:40]} 54. Kf1 {[%clk 01:30:57]} Kd2 {[%clk 01:30:40]} 55. Kg2 {[%clk
01:30:57]} Kxe2 {[%clk 01:30:40]} 56. Kh2 {[%clk 01:30:57]} Kf3 {[%clk
01:30:40]} 57. Kh1 {[%clk 01:30:57]} Bh6 {[%clk 01:30:40]} 0-1

[Event "DVM U20 2020"]
[Site "Willingen GER"]
[Date "2021.06.24"]
[Round "1"]
[White "Biermann, Florian"]
[Black "Kamp, Adrian"]
[Result "0-1"]
[Termination "normal"]
[Board "5.2"]
[WhiteElo "2104"]
[BlackElo "1982"]
[WhiteClock "00:19:26"]
[BlackClock "00:48:19"]
[WhiteTeam "Schachgesellschaft Bochum 1931"]
[BlackTeam "Schachklub Münster 32 e. V."]
[PlyCount "37"]
[WhiteFideId "12970069"]
[BlackFideId "16222466"]
[EventCountry "GER"]
[EventRounds "7"]
[EventType "team-swiss"]
[EventDate "2021.06.23"]

1. e4 c5 2. Na3 Nc6 3. Bb5 d5 4. Nf3 e6 5. O-O Bd7 6. exd5 exd5 7. Re1+ Be7 8.
Qe2 Nf6 9. Ne5 O-O 10. Bxc6 bxc6 11. d3 Re8 12. Nxd7 Qxd7 13. Bg5 h6 14. Bh4 c4
15. Qf3 c3 16. Rad1 Rab8 17. Bxf6 gxf6 18. Nb1 Rxb2 19. Nxc3 Rxc2 20. Rc1 Bb4
21. Rxe8+ Qxe8 22. Qg4+ Kh8 23. Qf4 Bxc3 0-1

[Event "DVM U20 2020"]
[Site "Willingen GER"]
[Date "2021.06.24"]
[Round "1"]
[White "Toval, David"]
[Black "Biermann, Lenhard"]
[Result "0-1"]
[Termination "normal"]
[Board "5.3"]
[WhiteElo "1857"]
[BlackElo "2083"]
[WhiteClock "01:30:59"]
[BlackClock "01:30:59"]
[WhiteTeam "Schachklub Münster 32 e. V."]
[BlackTeam "Schachgesellschaft Bochum 1931"]
[PlyCount "50"]
[WhiteFideId "12992755"]
[BlackFideId "12970077"]
[EventCountry "GER"]
[EventRounds "7"]
[EventType "team-swiss"]
[EventDate "2021.06.23"]

1. e4 {[%clk 01:30:59]} e6 {[%clk 01:30:59]} 2. d4 {[%clk 01:30:59]} d5 {[%clk
01:30:59]} 3. Nd2 {[%clk 01:30:59]} h6 {[%clk 01:30:59]} 4. Bd3 {[%clk
01:30:59]} c5 {[%clk 01:30:59]} 5. exd5 {[%clk 01:30:59]} exd5 {[%clk
01:30:59]} 6. c3 {[%clk 01:30:59]} Nf6 {[%clk 01:30:59]} 7. Ngf3 {[%clk
01:30:59]} Be7 {[%clk 01:30:59]} 8. O-O {[%clk 01:30:59]} O-O {[%clk 01:30:59]}
9. dxc5 {[%clk 01:30:59]} Bxc5 {[%clk 01:30:59]} 10. Nb3 {[%clk 01:30:59]} Bb6
{[%clk 01:30:59]} 11. Bf4 {[%clk 01:30:59]} Nc6 {[%clk 01:30:59]} 12. Bc2
{[%clk 01:30:59]} Re8 {[%clk 01:30:59]} 13. Qd3 {[%clk 01:30:59]} Bg4 {[%clk
01:30:59]} 14. Nbd4 {[%clk 01:30:59]} Ne4 {[%clk 01:30:59]} 15. Nxc6 {[%clk
01:30:59]} bxc6 {[%clk 01:30:59]} 16. Nd4 {[%clk 01:30:59]} c5 {[%clk
01:30:59]} 17. Nc6 {[%clk 01:30:59]} Qd7 {[%clk 01:30:59]} 18. Ba4 {[%clk
01:30:59]} c4 {[%clk 01:30:59]} 19. Qc2 {[%clk 01:30:59]} Nc5 {[%clk 01:30:59]}
20. Bb5 {[%clk 01:30:59]} a6 {[%clk 01:30:59]} 21. Ne5 {[%clk 01:30:59]} Qxb5
{[%clk 01:30:59]} 22. Nxg4 {[%clk 01:30:59]} Re4 {[%clk 01:30:59]} 23. Qd2
{[%clk 01:30:59]} Nd3 {[%clk 01:30:59]} 24. Nxh6+ {[%clk 01:30:59]} gxh6 {[%clk
01:30:59]} 25. Bxh6 {[%clk 01:30:59]} Rg4 {[%clk 01:30:59]} 0-1